000 01067na a2200229 4500
001 21832
003 MIRAKIL
005 20181213155154.0
008 170208b tu 000 0
040 _aMilas
_btur
_cTR-AnCHP
041 _atur
082 _a351.7222
_bB29i 2008
090 _a351.7222 B29i 2008
110 _aBayındırlık ve İskan Bakanlığı
245 _a2008 mali yılı merkezi yönetim bütçe kanunu tasarısı ile 2006 mali yılı merkezi yönetim kesinhesap kanunu tasarısının plan ve bütçe komisyonu görüşme tutanakları
260 _a[Ankara]
_b[yayl. y.]
_c2007
300 _a120 s.
_c23 sm.
505 _aBayındırlık ve İskan Bakanlığı, Tapu Kadastro Genel Müdürlüğü,Ulaştırma Bakanlığı, Karayolları Genel Müdürlüğü, Telekomünikasyon Kurumu, Denizcilik Müsteşarlığı, Sivil Havacılık Genel Müdürlüğü
610 _aBayındırlık ve İskan Bakanlığı
_xBütçe Komisyonu
_yTutanaklar, 2008
610 _aUlaştırma Bakanlığı
_xBütçe Komisyonu
_yTutanaklar, 2008
942 _2ddc
_cBKS
999 _c7920
_d7920